LEADER 01242nam a2200265 u 4500 001 000000037917 003 CaOOAMICUS 005 20070226113823.0 008 980420s1916 gw u000 u fre u 035 $a10790929 040 $aPUL(R)$bita 041 1 $afre$hger 110 1 $aGermania.$0(OLS)http://pul/name/28094 240 10$aStrafgesetzbuch.$9(Germania).$lFrancese.$0(OLS)http://pul/title/51542 245 10$aCode pénal de l'Empire d'Allemagne. 260 $aBerlin :$bGuttentag,$c1916. 300 $a104 p. ;$c21 cm 505 0 $aFranzösische Übersetzung des Deutschen Strafgesetzbuch, auf Grund der amtliche Ausgabe des Deutschen Strafgesetzbuch mit französischer Übersetzung von 1878 unter Berücksichtigung der Änderungen und Ergänzungen besorgt von Dr. Rosenfeld. 650 4$aDiritto penale$zGermania.$0(OLS)http://pul/subject/17995 850 $aPUL 852 $aPUL$W1$xDP2 Diritto e Scienze Sociali 1$y65$m171 D 29$j51761$nBK-PRI$qStampati$B51761$CPULBib$Z2$F51761 $82 941 1 $a8 961 $aTimbro: Bibliotheca Pontificium Institutum Utriusque Iuris. 996 $6245$aCode pénal de l'Empire d'Allemagne$9(OLS)http://pul/title/51543 996 $6260$aBerlin :$bGuttentag$9(OLS)http://pul/publisher/52697 LEADER 01291nam a2200301 u 4500 001 000000104687 003 CaOOAMICUS 005 20070424164410.0 008 070424s2006 it u000 u ita u 020 $a88-311-8191-2 040 $aPUL$bita$dLDB 041 1 $aita$hlat 100 1 $aFirmicus Maternus, Iulius,$dsec. IV.$0(OLS)http://pul/name/1100 240 10$aDe errore profanarum religionum$lItaliano.$0(OLS)http://pul/title/131667 245 12$aL'errore delle religioni pagane /$cFirmico Materno; introduzione, traduzione e note a cura di Ennio Sanzi. 260 $aRoma :$bCittà Nuova,$cc2006. 300 $a204 p. ;$c21 cm 490 1 $aCollana di testi patristici ;$v191 500 $aIndici: p. [183]-201. 700 1 $aSanzi, Ennio.$0(OLS)http://pul/name/64293 830 0$aCollana di testi patristici ;$v191.$0(OLS)http://pul/title/17027 850 $aPUL 852 $aPUL$W1$xSL Religione 1$y3$m2000 E 191$j117249$qStampati$B117209$CPULBib$Z2$F117209 $H102991 $82 900 $aFirmico Materno,$dsec. IV$91100 941 1 $a8 996 $6020$a88-311-8191-2$9(OLS)http://pul/number/134099 996 $6245$aL'errore delle religioni pagane$9(OLS)http://pul/title/131666 996 $6260$aRoma :$bCittà Nuova$9(OLS)http://pul/publisher/47927